LEADER 01315nam 2200361 450 001 000011285 005 20050718115400.0 010 $a0-19-850105-6 100 $a20020723d1997----km-y0itay0103----ba 101 0 $aeng 102 $aGB 200 1 $a<> Mathematical Olympiad Handbook$ean introduction to a problem solving based on the first 32 British Mathematical Olympiads 1965-1996$fA. Gardiner 210 $aOxford [etc.]$cOxford University Press$d1997 215 $aXII, 229 p.$cill.$d24 cm. 606 $aMatematica$xEsercizi 676 $a510.076$v(20. ed.)$9Matematica. Prontuari ed esercizi 691 $a00A07$9General. Problem books 700 1$aGardiner,$bAnthony$0440773 801 0$aIT$bUniversità della Basilicata - B.I.A.$gRICA$2unimarc 912 $a000011285 996 $aMathematical Olympiad Handbook$978864 997 $aUNIBAS BAS $aMONSCI BAS $aMONOGR BAS $aSCIENZE CAT $aEXT002$b01$c20020723$lBAS01$h1819 CAT $c20050601$lBAS01$h1754 CAT $abatch$b01$c20050718$lBAS01$h1051 CAT $c20050718$lBAS01$h1110 CAT $c20050718$lBAS01$h1140 CAT $c20050718$lBAS01$h1154 FMT Z30 -1$lBAS01$LBAS01$mBOOK$1BASA5$ADipartimento Matematica$2GEN$BCollezione generale$3MAT$64946$5M4946$820020723$f51$FRiservati LEADER 01636nam 2200385 a 450 001 9910698738303321 005 20090420141328.0 035 $a(CKB)5470000002396474 035 $a(OCoLC)318813522 035 $a(EXLCZ)995470000002396474 100 $a20090420d2008 ua 0 101 0 $aeng 135 $aurmn||||||||| 181 $ctxt$2rdacontent 182 $cc$2rdamedia 183 $acr$2rdacarrier 200 10$a2010 census$b[electronic resource] $eCensus Bureau's decision to continue with handheld computers for address canvassing makes planning and testing critical : report to the Subcommittee on Information Policy, Census, and National Archives, Committee on Oversight and Government Reform, House of Representatives 210 1$a[Washington, D.C.] :$cU.S. Govt. Accountability Office,$d[2008] 215 $aii, 30 pages $cdigital, PDF file 300 $aTitle from title screen (viewed on Apr. 16, 2009). 300 $a"July 2008." 300 $a"GAO-08-936." 320 $aIncludes bibliographical references. 517 $a2010 census 606 $aPocket computers$xGovernment policy$zUnited States 607 $aUnited States$xCensus, 2010$xData processing$xPlanning 607 $aUnited States$xCensus, 2010$xData processing$xMethodology 615 0$aPocket computers$xGovernment policy 712 02$aUnited States.$bCongress.$bHouse.$bCommittee on Oversight and Government Reform.$bSubcommittee on Information Policy, Census, and National Archives. 801 0$bGPO 801 1$bGPO 906 $aBOOK 912 $a9910698738303321 996 $a2010 census$93153264 997 $aUNINA